| 000 | 00666nam a2200241Ia 4500 | ||
|---|---|---|---|
| 003 | GCL | ||
| 008 | 140319s9999 xx 000 0 ara d | ||
| 040 |
_aGCL / _cGCL |
||
| 082 | 0 | 4 |
_a635.3 _bا ا |
| 100 | 1 | _aوزارة الزراعة | |
| 245 | 1 | 0 |
_aالاسبرجس aspatagus / _cوزارة الزراعة |
| 700 | 1 | _aامين عكاشة | |
| 700 | 1 | _aعوض حجازى | |
| 260 |
_a[S.N] : _bمركز الدعم الاعلامى للتنمية ، _c1992 |
||
| 300 | _a50 ص | ||
| 490 | _a | ||
| 650 | 0 | 4 | _aمصر |
| 650 | 0 | 4 | _aالزراعة |
| 650 | 0 | 4 | _aالاسبرجس |
| 650 | 0 | 4 | _aالتسميد |
| 650 | 0 | 4 | _aالتهجين |
| 942 |
_2ddc _cBK |
||
| 999 |
_c36504 _d36504 |
||